Mantik dalam babak pemikiran ilmiah tamadun manusia

Bibliographic Details
Main Author: Mat Rofa Ismail , 1956- (Author)
Format: Book
Published: Kuala Lumpur : Dewan Bahasa dan Pustaka , 1997
Subjects:

MARC

LEADER 00000cam a2200000 7i4500
001 0000033619
005 20190724093000.0
020 |a 9836252673 
090 0 0 |a B745.L6   |b M2 1997 
100 0 |a Mat Rofa Ismail ,   |d 1956- ,   |e author 
245 0 0 |a Mantik dalam babak pemikiran ilmiah tamadun manusia   |c Mat Ropa Ismail 
260 2 |a Kuala Lumpur :   |b Dewan Bahasa dan Pustaka ,   |c 1997 
300 |a xiv, 221 p. ; ;   |c 22 cm. 
504 |a Includes bibliographical references (p. 211-215) and index 
650 0 |a Language and logic 
650 0 |a Logic 
650 0 |a Logic   |x Religious aspects   |x Islam 
650 0 |a Mathematics 
650 0 |a Philosophy 
999 |a 1000067540   |b Book   |c OPEN SHELF (30 DAYS)   |e Gong Badak Campus 
999 |a 1000069029   |b Book   |c OPEN SHELF (30 DAYS)   |e Gong Badak Campus